Every Song by Queensrÿche - Statistics

General Stats
  • This quiz has been taken 25 times
  • The average score is 26 of 204
Answer Stats
Album Song % Correct
Empire(1990) Empire
100%
Operation: Mindcrime(1988) Eyes of a Stranger
89%
Empire(1990) Jet City Woman
89%
Empire(1990) Silent Lucidity
89%
Empire(1990) Best I Can
78%
Promised Land(1994) Promised Land
78%
Operation: Mindcrime(1988) Revolution Calling
78%
Empire(1990) Another Rainy Night (Without You)
67%
Operation: Mindcrime(1988) I Don't Believe in Love
67%
Operation: Mindcrime(1988) Operation: Mindcrime
67%
Queensrÿche(1982) Queen of the Reich
67%
Operation: Mindcrime(1988) Suite Sister Mary
67%
Rage for Order(1986) Walk in the Shadows
67%
The Warning(1984) Warning
67%
Empire(1990) Della Brown
56%
Promised Land(1994) I Am I
56%
Operation: Mindcrime(1988) Speak
56%
Queensrÿche(1982) The Lady Wore Black
56%
Operation: Mindcrime(1988) The Needle Lies
56%
Empire(Bonus)(2003) Last Time in Paris
44%
Rage for Order(1986) London
44%
Rage for Order(1986) Screaming in Digital
44%
Promised Land(1994) Someone Else?
44%
Empire(1990) The Thin Line
44%
Condition Hüman(2015) Condition Hüman
33%
Empire(1990) Hand on Heart
33%
Rage for Order(1986) I Dream in Infrared
33%
Operation: Mindcrime(1988) I Remember Now
33%
Rage for Order(1986) I Will Remember
33%
Promised Land(1994) Lady Jane
33%
Rage for Order(1986) Neue Regel
33%
Queensrÿche(1982) Nightrider
33%
The Warning(1984) Roads to Madness
33%
Operation: Mindcrime(1988) Spreading the Disease
33%
Operation: Mindcrime(1988) The Mission
33%
Tribe(2003) Tribe
33%
Operation: Mindcrime(1988) Anarchy—X
22%
Operation: Mindcrime(1988) Breaking the Silence
22%
Promised Land(1994) Bridge
22%
Rage for Order(1986) Chemical Youth (We Are Rebellion)
22%
Promised Land(1994) Damaged
22%
Operation: Mindcrime(1988) Electric Requiem
22%
The Warning(1984) En Force
22%
Operation: Mindcrime II(2006) I'm American
22%
The Verdict(2019) Light-years
22%
Promised Land(1994) My Global Mind
22%
Empire(1990) One and Only
22%
Promised Land(1994) Out of Mind
22%
Rage for Order(1986) Surgical Strike
22%
The Warning(1984) Take Hold of the Flame
22%
Promised Land(1994) 9:28 a.m.
11%
Empire(1990) Anybody Listening?
11%
The Warning(1984) Before the Storm
11%
The Verdict(2019) Bent
11%
Queensrÿche(1982) Blinded
11%
Tribe(2003) Blood
11%
The Verdict(2019) Blood of the Levant
11%
Condition Hüman(2015) Bulletproof
11%
The Warning(1984) Child of Fire
11%
The Verdict(2019) Dark Reverie
11%
The Warning(1984) Deliverance
11%
Empire(Bonus)(2003) Dirty Lil Secret
11%
Promised Land(1994) Disconnected
11%
Condition Hüman(2015) Hellfire
11%
The Verdict(2019) Inner Unrest
11%
The Verdict(2019) Inside Out
11%
The Verdict(2019) Launder the Conscience
11%
American Soldier(2009) Man Down!
11%
The Verdict(2019) Man the Machine
11%
Operation: Mindcrime(1988) My Empty Room
11%
The Warning(1984) N M 156
11%
The Warning(1984) No Sanctuary
11%
The Verdict(2019) Portrait
11%
The Verdict(2019) Propaganda Fashion
11%
Queensrÿche(Bonus)(1988) Prophecy
11%
Promised Land(Bonus)(1994) Real World
11%
Empire(1990) Resistance
11%
Condition Hüman(2015) Selfish Lives
11%
Rage for Order(1986) The Killing Words
11%
Rage for Order(1986) The Whisper
11%
Operation: Mindcrime(1988) Waiting for 22
11%
Condition Hüman(Bonus)(2015) 46° North
0%
American Soldier(2009) A Dead Man's Words
0%
Operation: Mindcrime II(2006) A Junkie's Blues
0%
Hear in the Now Frontier(1997) All I Want
0%
Operation: Mindcrime II(2006) All the Promises
0%
Condition Hüman(2015) All There Was
0%
Operation: Mindcrime II(2006) An Intentional Confrontation
0%
Hear in the Now Frontier(1997) Anytime / Anywhere
0%
Dedicated to Chaos(2011) Around the World
0%
Condition Hüman(2015) Arrow of Time
0%
American Soldier(2009) At 30,000 ft
0%
Dedicated to Chaos(2011) At the Edge
0%
Queensrÿche(2013) A World Without
0%
Digital Noise Alliance(2022) Behind the Walls
0%
Q2K(1999) Beside You
0%
Dedicated to Chaos(2011) Big Noize
0%
Q2K(1999) Breakdown
0%
Dedicated to Chaos(Bonus)(2011) Broken
0%
Q2K(1999) Burning Man
0%
Digital Noise Alliance(2022) Chapters
0%
Greatest Hits(2000) Chasing Blue Sky
0%
Operation: Mindcrime II(2006) Circles
0%
Frequency Unknown(2013) Cold
0%
Operation: Mindcrime II(2006) Convict
0%
Hear in the Now Frontier(1997) Cuckoo's Nest
0%
Frequency Unknown(2013) Dare
0%
Tribe(2003) Desert Dance
0%
Tribe(2003) Doin' Fine
0%
Queensrÿche(2013) Don't Look Back
0%
Dedicated to Chaos(2011) Drive
0%
Condition Hüman(Bonus)(2015) Espiritu Muerto
0%
Frequency Unknown(2013) Everything
0%
Condition Hüman(2015) Eye9
0%
Frequency Unknown(2013) Fallen
0%
Tribe(2003) Falling Behind
0%
Q2K(1999) Falling Down
0%
Queensrÿche(2013) Fallout
0%
Operation: Mindcrime II(2006) Fear City Slide
0%
Digital Noise Alliance(2022) Forest
0%
Operation: Mindcrime II(2006) Freiheit Ouvertüre
0%
Hear in the Now Frontier(1997) Get a Life
0%
Dedicated to Chaos(2011) Get Started
0%
Frequency Unknown(2013) Give It to You
0%
Dedicated to Chaos(2011) Got It Bad
0%
Condition Hüman(2015) Guardian
0%
Dedicated to Chaos(Bonus)(2011) Hard Times
0%
Hear in the Now Frontier(1997) Hero
0%
Dedicated to Chaos(2011) Higher
0%
Hear in the Now Frontier(1997) Hit the Black
0%
Digital Noise Alliance(2022) Hold On
0%
American Soldier(2009) Home Again
0%
Operation: Mindcrime II(2006) Hostage
0%
Dedicated to Chaos(2011) Hot Spot Junkie
0%
Condition Hüman(2015) Hourglass
0%
Q2K(1999) How Could I?
0%
Q2K(Bonus)(2006) Howl
0%
American Soldier(2009) Hundred Mile Stare
0%
Dedicated to Chaos(Bonus)(2011) I Believe
0%
Operation: Mindcrime II(2006) If I Could Change It All
0%
American Soldier(2009) If I Were King
0%
Digital Noise Alliance(2022) In Extremis
0%
Frequency Unknown(2013) In the Hands of God
0%
Queensrÿche(2013) In This Light
0%
Dedicated to Chaos(2011) I Take You
0%
Condition Hüman(2015) Just Us
0%
Frequency Unknown(2013) Life Without You
0%
Q2K(1999) Liquid Sky
0%
Tribe(2003) Losing Myself
0%
Digital Noise Alliance(2022) Lost in Sorrow
0%
Dedicated to Chaos(Bonus)(2011) LuvnU
0%
Condition Hüman(Bonus)(2015) Mercury Rising
0%
American Soldier(2009) Middle of Hell
0%
Queensrÿche(2013) Midnight Lullaby
0%
Hear in the Now Frontier(1997) Miles Away
0%
Operation: Mindcrime II(2006) Murderer?
0%
Digital Noise Alliance(2022) Nocturnal Walls
0%
Operation: Mindcrime II(2006) One Foot in Hell
0%
Q2K(1999) One Life
0%
Promised Land(1994) One More Time
0%
Tribe(2003) Open
0%
Queensrÿche(2013) Open Road
0%
Digital Noise Alliance(2022) Out of the Black
0%
Hear in the Now Frontier(1997) Reach
0%
Digital Noise Alliance(2022) Realms
0%
Operation: Mindcrime II(2006) Re-Arrange You
0%
Queensrÿche(2013) Redemption
0%
American Soldier(2009) Remember Me
0%
Dedicated to Chaos(2011) Retail Therapy
0%
Tribe(2003) Rhythm of Hope
0%
Frequency Unknown(2013) Running Backwards
0%
Q2K(1999) Sacred Ground
0%
Hear in the Now Frontier(1997) Saved
0%
Digital Noise Alliance(2022) Sicdeth
0%
Hear in the Now Frontier(1997) Sign of the Times
0%
Operation: Mindcrime II(2006) Signs Say Go
0%
Frequency Unknown(2013) Slave
0%
American Soldier(2009) Sliver
0%
Hear in the Now Frontier(1997) Some People Fly
0%
Hear in the Now Frontier(1997) sp00L
0%
Operation: Mindcrime II(2006) Speed of Light
0%
Queensrÿche(2013) Spore
0%
Condition Hüman(2015) The Aftermath
0%
Tribe(2003) The Art of Life
0%
Operation: Mindcrime II(2006) The Chase
0%
Tribe(2003) The Great Divide
0%
Operation: Mindcrime II(2006) The Hands
0%
American Soldier(2009) The Killer
0%
Dedicated to Chaos(2011) The Lie
0%
Q2K(1999) The Right Side of My Mind
0%
American Soldier(2009) The Voice
0%
Hear in the Now Frontier(1997) The Voice Inside
0%
Frequency Unknown(2013) The Weight of the World
0%
Digital Noise Alliance(2022) Tormentum
0%
Condition Hüman(2015) Toxic Remedy
0%
American Soldier(2009) Unafraid
0%
Q2K(Bonus)(2006) Until There Was You
0%
Queensrÿche(2013) Vindication
0%
Q2K(1999) When the Rain Comes...
0%
Queensrÿche(2013) Where Dreams Go to Die
0%
Q2K(1999) Wot Kinda Man
0%
Dedicated to Chaos(2011) Wot We Do
0%
Queensrÿche(2013) X2
0%
Hear in the Now Frontier(1997) You
0%
No matching quizzes found
Score Distribution
Percent of People with Each Score
Percentile by Number Answered
Your Score History
You have not taken this quiz